Parc Natural del Montseny : reserva de la biosfera / coordinació Gonçal Luna, Josep Melero reserva de la biosfera / coordinació Gonçal Luna, Josep Melero
ISBN:
84-7794-705-8
Descripción Física:
213 p.: il. col. ; 23 cm
Colección:
Guies dels parcs ; 1
Idioma:
Catalán
MARC
| LEADER | 00000nam a2200000Ia 4500 | ||
|---|---|---|---|
| 001 | 12706 | ||
| 008 | 160829s2000 xx 000 0 cat d | ||
| 020 | |a 84-7794-705-8 | ||
| 040 | |a agdb |b cat | ||
| 041 | |a cat | ||
| 080 | |a C-1-311 | ||
| 245 | |a Parc Natural del Montseny : |b reserva de la biosfera / coordinació Gonçal Luna, Josep Melero | ||
| 260 | |a Barcelona : |b Institut d'Edicions de la Diputació de Barcelona, |c 2000 | ||
| 300 | |a 213 p.: |b il. col. ; |c 23 cm | ||
| 490 | |a Guies dels parcs ; 1 | ||
| 546 | |a També en castellà (R. 27786) | ||
| 590 | |a Índex i bibliografia | ||
| 610 | 0 | |a Parc Natural del Montseny (Catalunya) |v Guies |9 52680 | |
| 650 | |a Espais naturals |x Catalunya |9 49616 | ||
| 700 | |a Luna, Gonçal |e editor literari |9 456 | ||
| 700 | |a Melero, Josep |e editor literari |9 34446 | ||
| 710 | |a Barcelona (Catalunya : Província). |b Servei de Parcs Naturals |9 53492 | ||
| 710 | 1 | |a Girona (Catalunya : Província). |b Diputació |9 11479 | |
| 901 | |a Arxiu | ||
| 942 | |n 1 |2 udc | ||
| 952 | |0 0 |1 0 |4 0 |6 C1311 |7 1 |9 46514 |a Arxiu |b Arxiu |d 2016-12-01 |l 0 |o C-1-311 |p 12706 |r 2016-12-01 00:00:00 |w 2016-12-01 |y ARXIU | ||
| 999 | |c 50305 |d 50305 | ||